000 00905nam a2200253Ia 4500
003 OSt
005 20220923215605.0
006 a|||||r|||| 00| 0
007 ta
008 220922b |||||||| |||| 00| 0 hin d
024 _a180,078
037 _cTextual
040 _aARTS
_cARTS
_bhin
041 _2hin
_ahin
082 _aO152,1M97:g, K9
100 _aमिश्र, शिव प्रसाद
245 0 _aसियाराम शरण गुप्त
_b व्यक्तित्व और कृतित्व
246 _aSiyārām sharaṇ gupta: vyaktitva aur kṛutitva
260 _aइन्दौर
_b कमल प्रकाशन
_c1969
300 _a384 पृ.
_ccm.
650 _aहिन्दी साहित्य
_9156264
942 _hO152,1M97:g, K9
_cTEXL
_2CC
999 _c333459
_d333459